Costa Rica: elecciones y democracia en la crisis /
Sparad:
| Huvudupphovsman: | |
|---|---|
| Materialtyp: | Bok |
| Språk: | Spanish |
| Publicerad: |
San José, Costa Rica
Centro de Estudios para la Acción Social, CEPAS
1986
|
| Ämnen: | |
| Taggar: |
Lägg till en tagg
Inga taggar, Lägg till första taggen!
|
MARC
| LEADER | 00000aam a2200000 4500 | ||
|---|---|---|---|
| 001 | 21115 | ||
| 003 | cru CIDCACS/IIS | ||
| 005 | 20171124153711.0 | ||
| 008 | 171124b1986 cr |||||||||||||| | spa d | ||
| 999 | |c 11208 |d 11208 | ||
| 040 | |c cru CIDCACS/IIS | ||
| 090 | |a 04.04.02 R741c | ||
| 100 | |a Rojas Bolaños, Manuel | ||
| 245 | |a Costa Rica: |b elecciones y democracia en la crisis / |c Manuel Rojas Bolaños | ||
| 260 | |a San José, Costa Rica |b Centro de Estudios para la Acción Social, CEPAS |c 1986 | ||
| 300 | |a 13 páginas | ||
| 500 | |a Colección Alforja | ||
| 650 | 1 | 7 | |a ELECCIONES |2 Macrotesauro de la OCDE |
| 650 | 1 | 7 | |a DEMOCRACIA |
| 650 | 1 | 7 | |a MUJERES |
| 650 | 1 | 7 | |a INDICADORES |2 Macrotesauro de la OCDE |
| 650 | 1 | 7 | |a ANALISIS POLITICO |
| 651 | |a Costa Rica | ||
| 942 | |2 ddc |c LI | ||
